Colección de documentos. (Record no. 8250)

MARC details
000 -CABECERA
campo de control de longitud fija 00906nam a2200229 a 4500
001 - NÚMERO DE CONTROL
campo de control BRCA_8587
005 - FECHA Y HORA DE LA ÚLTIMA TRANSACCIÓN
campo de control 20190320210335.0
008 - DATOS DE LONGITUD FIJA--INFORMACIÓN GENERAL
campo de control de longitud fija 220816s--------mx-#######---#000-0#spa-#
041 ## - CÓDIGO DE LENGUA
Código de lengua del texto/banda sonora o título independiente spa
044 ## - CÓDIGO DEL PAÍS DE LA ENTIDAD EDITORA/PRODUCTORA
Código MARC del país mx
245 10 - MENCIÓN DE TÍTULO
Título Colección de documentos.
260 ## - PUBLICACIÓN, DISTRIBUCIÓN, ETC.
Lugar de publicación, distribución, etc. [s.l.]
Nombre del editor, distribuidor, etc. [s.i.]
Fecha de publicación, distribución, etc. 17--?
300 ## - DESCRIPCIÓN FÍSICA
Extensión 1 vol. (sin paginación)
Dimensiones 30 cm
500 ## - NOTA GENERAL
Nota general Fondo antiguo
500 ## - NOTA GENERAL
Nota general Se encuentra en Caja Fuerte
500 ## - NOTA GENERAL
Nota general D-6
500 ## - NOTA GENERAL
Nota general Nota de encuadernación: carpeta en piel de becerro
505 0# - NOTA DE CONTENIDO CON FORMATO
Nota de contenido con formato Contiene: sello qvarto vn qvartillo años de mil y seiscientos y cinqventa y seis y cinqvuenta y siete.-- Colección de 24 dibujos elaborados a mano.-- Indice de lo q. contiene este cuaderno de reales ordenanzas pertesiente a Don Franz Ma Ruiz año de 1782
506 0# - NOTA DE RESTRICCIONES AL ACCESO
Limitaciones de acceso Fondo reservado: para su consulta es necesario credencial de usuario y carta de motivos
902 ## - CATALOGADOR
Iniciales LAR
942 ## - ELEMENTOS DE PUNTO DE ACCESO ADICIONAL (KOHA)
Fuente del sistema de clasificación o colocación Library of Congress Classification
Tipo de ítem Koha Libros
Holdings
Estado de retiro Estado de pérdida Estado dañado No para préstamo Localización permanente Ubicación/localización actual Fecha de adquisición Número de inventario Total de préstamos Signatura topográfica completa Código de barras Fecha visto por última vez Precio válido a partir de Tipo de ítem Koha
El ejemplar forma parte de la colección y puede ser consultado según las políticas vigentes.       Biblioteca del Museo Franz Mayer (Rogerio Casas-Alatriste) Biblioteca del Museo Franz Mayer (Rogerio Casas-Alatriste) 22/08/2016 D-6   (D-6) LAR00092 22/03/2019 22/03/2019 Libros